000 00564nam a22001937a 4500
005 20241214110136.0
008 241214b ||||| |||| 00| 0 eng d
040 _cAL
041 _aEnglish
082 _223
_a348.04
_bCHAI
100 _aTejinder Pal Singh Chawla
_9190930
245 _aIndian Civil Cases: Vol 99 2020(2)
260 _aChandigarh
_bICC Publications
_c2020
300 _a798 p.
_bHB
_c24x15 cm
365 _a1061
_b₹2186.35
_c
_d₹2995.00
_e27%
_f28-11-2024
440 _aVolume 99
_9190931
650 _aCivil Laws
_9190932
942 _2ddc
_cBI
999 _c232888
_d232888